LIBRARY & INFORMATION CENTRE, KCAET, TAVANUR

ONLINE PUBLIC ACCESS CATALOGUE (OPAC)

Idiom of the people / (Record no. 8302)

MARC details
000 -LEADER
fixed length control field 00367cam a2200157ua 4500
041 ## - LANGUAGE CODE
Language code of text/sound track or separate title eng
082 ## - DEWEY DECIMAL CLASSIFICATION NUMBER
Classification number 821
Item number REE/ID
100 ## - MAIN ENTRY--AUTHOR NAME
Personal name Reeves, James .
245 ## - TITLE STATEMENT
Title Idiom of the people /
250 ## - EDITION STATEMENT
Edition statement 1 /
260 ## - PUBLICATION, DISTRIBUTION, ETC. (IMPRINT)
Place of publication London :
Name of publisher Heinemann ,
Year of publication 1958.
300 ## - PHYSICAL DESCRIPTION
Number of Pages 244 ; .
942 ## - ADDED ENTRY ELEMENTS (KOHA)
Koha item type Books
Holdings
Withdrawn status Lost status Damaged status Home library Current library Date acquired Cost, normal purchase price Full call number Accession Number Koha item type Public note
Withdrawn     KAUAET Malayalam University 07/04/2012 21.00 821 6766 Books Transferred to Malayalam University
free website counter